| 000 | 00831nam a2200265Ia 4500 | ||
|---|---|---|---|
| 003 | OSt | ||
| 005 | 20220928125821.0 | ||
| 006 | a|||||r|||| 00| 0 | ||
| 007 | ta | ||
| 008 | 220927b |||||||| |||| 00| 0 eng d | ||
| 020 | _cUSD 150.00 | ||
| 024 | _a139890 | ||
| 037 |
_b068, 18/02/2019, Kiran Book Service _cTextual |
||
| 040 |
_aSDCL _cSDCL _beng |
||
| 041 |
_2eng _aeng |
||
| 082 | _aR4:(Q4)g, Q8 | ||
| 100 |
_aCozort Daniel Ed. _9471584 |
||
| 245 | 0 | _aOxford handbook of buddhist ethics | |
| 260 |
_aOxford _bOxford university press _c2018 |
||
| 300 |
_axviii,680p. _ccm. |
||
| 650 |
_aSanskrit _9391587 |
||
| 700 |
_a Shields James Mark Ed. _9471585 |
||
| 942 |
_hR4:(Q4)g, Q8 _cTEXL _2CC |
||
| 999 |
_c784140 _d784140 |
||